Dobré mravy v pracovnoprávnych vzťahoch

Pojem dobré mravy. Neplatnosť výpovede zamestnávateľa z dôvodu rozporu s dobrými mravmi. Výkon práva v rozpore s dobrými mravmi v pracovnoprávnych vzťahoch.

Enregistré dans:
Détails bibliographiques
Auteur principal: Mičudová, Tatiana
Format: Chapitre de livre
Langue:slovaque
Sujets:
Tags: Ajouter un tag
Pas de tags, Soyez le premier à ajouter un tag!

MARC

LEADER 00000naa a2200000 4500
001 0180418
005 20231208082930.0
041 0 |a slo 
044 |a SK 
245 1 0 |a Dobré mravy v pracovnoprávnych vzťahoch  |c Tatiana Mičudová 
520 |a Pojem dobré mravy. Neplatnosť výpovede zamestnávateľa z dôvodu rozporu s dobrými mravmi. Výkon práva v rozpore s dobrými mravmi v pracovnoprávnych vzťahoch. 
610 2 0 |a morálka pracovná 
610 2 0 |a etika 
610 2 0 |a právo pracovné 
610 2 0 |a vzťahy pracovnoprávne 
100 1 |a Mičudová, Tatiana